000 00498 a2200133 4500
082 _a-
100 _aSamar Nayab
_992757
245 _aDesign of low noise amplifier @ 2.1-2.3 GHz
_cSamar Nayab
260 _aIslamabad :
_bNUST School of Electrical Engineering & Computer Science,
_c2010.
300 _a47 p. :
_bill. ;
_c27 cm. +
_e1CD ROM
500 _aSupervisors : Mr. Ahsan Azhar, Ms. Ayesha Saleem.
856 _uhttp://10.250.8.41:8080/xmlui/handle/123456789/11033
942 _cPR
_kBICSE-4 SAM
_2ddc
999 _c10233
_d10233